000 00534nam a2200181 4500
001 85096
003 BD-RjUL
005 20250701122002.0
008 250701b |||||||| |||| 00| 0 eng d
035 _a(BD-RjUL)85096
040 _aBD-RjUL
_beng
_cBD-RjUL
041 _aurd
082 _223
_a297.3823
_bSHA 194?
245 _a"ادعیۃ القرآن، ادعیۃ الرسول، و ادعیۃ الحج ;; 'adeiat alqurani, wa'adeiat alrasula, wa'adeiat alhaj /
300 _a144 p. ;
_c17 cm
650 _aIslam
942 _2ddc
_cBK
999 _c85096
_d85096